Перспективы развития супервайзинга как инструмента входного контроля качества работ; Проблемы геологии и освоения недр; Т. 2

Manylion Llyfryddiaeth
Parent link:Проблемы геологии и освоения недр: труды XX Международного симпозиума имени академика М. А. Усова студентов и молодых ученых, посвященного 120-летию со дня основания Томского политехнического университета, Томск, 4-8 апреля 2016 г./ Национальный исследовательский Томский политехнический университет (ТПУ), Институт природных ресурсов (ИПР) ; Общество инженеров-нефтяников, международная некоммерческая организация, Студенческий чаптер ; под ред. А. Ю. Дмитриева.— , 2016
Т. 2.— 2016.— [С. 1087-1089]
Prif Awdur: Сизов А. В. Алексей Валентинович
Awdur Corfforaethol: Национальный исследовательский Томский политехнический университет (ТПУ) Институт природных ресурсов (ИПР) Кафедра экономики природных ресурсов (ЭПР)
Awduron Eraill: Боярко Г. Ю. Григорий Юрьевич (научный руководитель)
Crynodeb:Заглавие с экрана
Iaith:Rwseg
Cyhoeddwyd: 2016
Cyfres:Экономика минерального и углеводородного сырья. Горное право
Pynciau:
Mynediad Ar-lein:http://earchive.tpu.ru/handle/11683/32221
Fformat: MixedMaterials Electronig Pennod Llyfr
KOHA link:https://koha.lib.tpu.ru/cgi-bin/koha/opac-detail.pl?biblionumber=620226

MARC

LEADER 00000naa2a2200000 4500
001 620226
005 20231101133112.0
035 |a (RuTPU)RU\TPU\conf\18700 
035 |a RU\TPU\conf\18690 
090 |a 620226 
100 |a 20160921d2016 k y0rusy50 ca 
101 0 |a rus 
102 |a RU 
105 |a y z 100zy 
135 |a drcn ---uucaa 
181 0 |a i  
182 0 |a b 
200 1 |a Перспективы развития супервайзинга как инструмента входного контроля качества работ  |f А. В. Сизов  |g науч. рук. Г. Ю. Боярко 
203 |a Текст  |c электронный 
225 1 |a Экономика минерального и углеводородного сырья. Горное право 
230 |a 1 компьютерный файл (pdf; 322 Kb) 
300 |a Заглавие с экрана 
320 |a [Библиогр.: с. 1089 (5 назв.)] 
461 1 |0 (RuTPU)RU\TPU\conf\17456  |t Проблемы геологии и освоения недр  |o труды XX Международного симпозиума имени академика М. А. Усова студентов и молодых ученых, посвященного 120-летию со дня основания Томского политехнического университета, Томск, 4-8 апреля 2016 г.  |o в 2 т.  |f Национальный исследовательский Томский политехнический университет (ТПУ), Институт природных ресурсов (ИПР) ; Общество инженеров-нефтяников, международная некоммерческая организация, Студенческий чаптер ; под ред. А. Ю. Дмитриева  |d 2016 
463 1 |0 (RuTPU)RU\TPU\conf\17458  |t Т. 2  |v [С. 1087-1089]  |d 2016 
610 1 |a труды учёных ТПУ 
610 1 |a электронный ресурс 
610 1 |a перспективы развития 
610 1 |a супервайзинг 
610 1 |a качество 
610 1 |a нефтегазовая отрасль 
610 1 |a входной контроль 
610 1 |a нефтегазовые скважины 
700 1 |a Сизов  |b А. В.  |c экономист  |c ассистент кафедры Томского политехнического университета  |f 1990-  |g Алексей Валентинович  |2 stltpush  |3 (RuTPU)RU\TPU\pers\32801 
702 1 |a Боярко  |b Г. Ю.  |c экономист  |c заведующий кафедрой Томского политехнического университета, доктор экономических наук  |f 1954-  |g Григорий Юрьевич  |2 stltpush  |4 727 
712 0 2 |a Национальный исследовательский Томский политехнический университет (ТПУ)  |b Институт природных ресурсов (ИПР)  |b Кафедра экономики природных ресурсов (ЭПР)  |h 3659  |2 stltpush  |3 (RuTPU)RU\TPU\col\18668 
801 2 |a RU  |b 63413507  |c 20170316  |g RCR 
856 4 |u http://earchive.tpu.ru/handle/11683/32221 
942 |c BK